Brunner & Suddarth's textbook of medical-surgical nursing / (Record no. 18420)
[ view plain ]
| 000 -LEADER | |
|---|---|
| fixed length control field | 01461cam a22003735a 4500 |
| 001 - CONTROL NUMBER | |
| control field | 016590162 |
| 003 - CONTROL NUMBER IDENTIFIER | |
| control field | OSt |
| 005 - DATE AND TIME OF LATEST TRANSACTION | |
| control field | 20201128021103.0 |
| 008 - FIXED-LENGTH DATA ELEMENTS--GENERAL INFORMATION | |
| fixed length control field | 131216t2014 paua frb 001 0 eng d |
| 020 ## - INTERNATIONAL STANDARD BOOK NUMBER | |
| International Standard Book Number | 1451146655 |
| 020 ## - INTERNATIONAL STANDARD BOOK NUMBER | |
| International Standard Book Number | 9781451146653 |
| 020 ## - INTERNATIONAL STANDARD BOOK NUMBER | |
| International Standard Book Number | 1451146655 |
| 040 ## - CATALOGING SOURCE | |
| Original cataloging agency | StDuBDS |
| Language of cataloging | eng |
| Transcribing agency | StDuBDS |
| Modifying agency | EG-ScBUE |
| -- | EG-ScBUE |
| 082 04 - DEWEY DECIMAL CLASSIFICATION NUMBER | |
| Classification number | 617.0231 |
| Item number | BRU |
| Edition number | 22 |
| 245 00 - TITLE STATEMENT | |
| Title | Brunner & Suddarth's textbook of medical-surgical nursing / |
| Statement of responsibility, etc | [edited by] Janice L. Hinkle, Kerry H. Cheever. |
| 246 30 - VARYING FORM OF TITLE | |
| Title proper/short title | Textbook of medical-surgical nursing |
| 246 3# - VARYING FORM OF TITLE | |
| Title proper/short title | Brunner and Suddarth's textbook of medical surgical nursing |
| 250 ## - EDITION STATEMENT | |
| Edition statement | 13th ed., International ed. |
| 260 ## - PUBLICATION, DISTRIBUTION, ETC. (IMPRINT) | |
| Place of publication, distribution, etc | Philadelphia : |
| Name of publisher, distributor, etc | Wolters Kluwer / Lippincott Williams & Wilkins, |
| Date of publication, distribution, etc | c.2014. |
| 300 ## - PHYSICAL DESCRIPTION | |
| Extent | (Various pagings) : |
| Dimensions | ill. (col.) ; |
| Other physical details | 28 cm. |
| 500 ## - GENERAL NOTE | |
| General note | Includes appendixes. |
| 500 ## - GENERAL NOTE | |
| General note | Includes index. |
| 500 ## - GENERAL NOTE | |
| General note | Visit "http:/thepoint.lww.com/activate." for practice and learn interactive case studies, watch & learn videos ... other. |
| 504 ## - BIBLIOGRAPHY, ETC. NOTE | |
| Bibliography, etc | Includes bibliographical references. |
| 650 #7 - SUBJECT ADDED ENTRY--TOPICAL TERM | |
| Topical term or geographic name as entry element | Surgical nursing. |
| 9 (RLIN) | 36117 |
| Source of heading or term | BUEsh |
| 650 #7 - SUBJECT ADDED ENTRY--TOPICAL TERM | |
| Topical term or geographic name as entry element | Perioperative Nursing. |
| 9 (RLIN) | 21345 |
| Source of heading or term | BUEsh |
| 650 #7 - SUBJECT ADDED ENTRY--TOPICAL TERM | |
| Topical term or geographic name as entry element | Nursing. |
| 9 (RLIN) | 2162 |
| Source of heading or term | BUEsh |
| 651 ## - SUBJECT ADDED ENTRY--GEOGRAPHIC NAME | |
| Source of heading or term | BUEsh |
| 653 ## - INDEX TERM--UNCONTROLLED | |
| Resource For college | Nursing |
| Arrived date list | September2014 |
| -- | July2015 |
| -- | August2015 |
| -- | November2015 |
| 655 ## - INDEX TERM--GENRE/FORM | |
| Form subdivision | Text book |
| -- | 33728 |
| 700 1# - ADDED ENTRY--PERSONAL NAME | |
| Personal name | Hinkle, Janice L., |
| Relator term | editor. |
| 9 (RLIN) | 36118 |
| 700 1# - ADDED ENTRY--PERSONAL NAME | |
| Personal name | Cheever, Kerry H., |
| Relator term | editor. |
| 9 (RLIN) | 23980 |
| 942 ## - ADDED ENTRY ELEMENTS (KOHA) | |
| Source of classification or shelving scheme | Dewey Decimal Classification |
| Call number prefix | 617.0231 BRU |
| Withdrawn status | Item status | Source of classification or shelving scheme | Damaged status | Not for loan | Vendor | Home library | Current library | Shelving location | Date acquired | Source of acquisition | Cost, normal purchase price | Serial Enumeration / chronology | Total Checkouts | Total Renewals | Full call number | Barcode | Date last seen | Date last borrowed | Cost, replacement price | Koha item type |
|---|---|---|---|---|---|---|---|---|---|---|---|---|---|---|---|---|---|---|---|---|
| Dewey Decimal Classification | Baccah | Central Library | Central Library | First floor | 29/09/2014 | 459.00 | 20526 | 13 | 54 | 617.0231 BRU | 000036428 | 15/07/2025 | 04/03/2019 | 573.75 | Book - Borrowing | |||||
| Dewey Decimal Classification | Baccah | Central Library | Central Library | First floor | 29/09/2014 | 459.00 | 20526 | 11 | 4 | 617.0231 BRU | 000036429 | 15/07/2025 | 21/07/2022 | 573.75 | Book - Borrowing | |||||
| Dewey Decimal Classification | Baccah | Central Library | Central Library | First floor | 29/09/2014 | Purchase | 459.00 | 20526 | 617.0231 BRU | 000036430 | 15/07/2025 | 573.75 | NB - Book (Non borrowing) | |||||||
| Dewey Decimal Classification | Alahram | Central Library | Central Library | First floor | 02/07/2015 | Purchase | 471.00 | 308 | 2 | 29 | 617.0231 BRU | 000039186 | 15/07/2025 | 30/09/2018 | 588.75 | Book - Borrowing | ||||
| Dewey Decimal Classification | Baccah | Central Library | Central Library | First floor | 18/08/2015 | Purchase | 612.00 | 21764 | 3 | 10 | 617.0231 BRU | 000030689 | 15/07/2025 | 14/11/2023 | 765.00 | Book - Borrowing |